000 00285nam a2200121Ia 4500
008 190216s9999||||xx |||||||||||||| ||und||
100 _aGupta S
245 0 _aFinancial Statement Analysis
260 _bShivlal Agarwala & Com
_c1977
300 _a192p
650 _aCommerce
942 _cBK
999 _c4179
_d4179